000 00993nam a22002057a 4500
999 _c62859
_d62859
003 Ge_BSU
005 20250311114420.0
008 250311s1969 ge ||||| |||| 00| 0 geo d
041 _ageo
080 _a616.381-002.1 ხ-71
100 _aხომერიკი, გ.
_916563
245 _aმწვავე დიფუზური პერიტონიტი /
_cგ. ხომერიკი ; [წინასიტყვ. მ. კომახიძისა].
264 _aთბილისი :
_bსაბჭ. საქართველო,
_c1969.
300 _a128 გვ. :
_bილ. და ცხრილ. ;
_c20 სმ.
504 _aბიბლიოგრაფია: გვ.125-127.
653 _aმწვავე დიფუზური პერიტონიტი
653 _aმედიცინა
700 _aკომახიძე, მ.
_eწინასიტყვაობის ავტორი
_922270
942 _2udc
_cᲬᲘᲒᲜᲘ